01892nam a2200277 a 4500001001000000003000900010005001700019007000300036008004100039040002500080082002200105100002400127245013800151250002400289260003500313300003600348505093000384590002801314650004201342650002901384700004201413910000701455942001401462952012101476999001701597000047916DO-SdBNP20240313073817.0ta181004s2009 dr ac 000 m spa d aDO-SdBNPbspacBNPHU a808.5 bR621e2221 aRivera, Otto97547710aEducación de la voz :bmejore su léxico, dicción-fluidez, entonación /cOtto Orlando Rivera Sánchez prólogo Lipe Collado. aEdición corregida aSanto Domingo :b[s.n],c2009. a161 p. :bil., retrs. ;c21 cm.0 aA manera de prólogo --tSemblanza del autor --tMotivación --tSonido oral --tSistema de fonación --tLa laringe --tLa voz --tTono --tDecálogo para el cuidado de la voz --tEl comentarista del disco (Disc Jockey) --tLocutor de cabina --tImprovisación. Maestría de ceremonias --tHágase de su estilo propio --tRespiración: útiles recomendaciones --tAgilidad en la lectura --tEjercicios: trabalenguas, declamaciones --tLa buena expresión. Recomendaciones --tFrente a la cámara de televisión --tDiez reglas para la entrevista radial --tEl micrófono --tAl hablar por el micrófono --tDe los timbres básicos --tHablar bien --tPronunciación de las consonantes --tVocabulario --tTerminología --tLos artistas --tEl actor --tEl orador --tPensamientos universales --tProminentes de la buena expresión --tDignatarios y representativos --tDiez normas para triunfar en la vida. aInventariado, 2022 / DG4 aCOMUNICACION ORALxENSEÑANZA9828714 aCULTIVO DE LA VOZ9348181 aCollado, Lipe,d1947-epról.979819 aDG 2ddccLBS1 00102ddc51708PDaBNPHUbBNPHUcCTd2022-11-25l0oBNPHU PD 808.5 R621ep2022-5612r2022-11-25w2022-11-25yLBS1 c53000d53000